London and the Reformation / (Record no. 24746)
[ view plain ]
| 000 -LEADER | |
|---|---|
| fixed length control field | 00991nam a2200289 a 4500 |
| 001 - CONTROL NUMBER | |
| control field | 24746 |
| 003 - CONTROL NUMBER IDENTIFIER | |
| rucl marc code | BD-RjUL |
| 005 - DATE AND TIME OF LATEST TRANSACTION | |
| control field | 20211209001107.0 |
| 008 - FIXED-LENGTH DATA ELEMENTS--GENERAL INFORMATION | |
| fixed length control field | 140315r19941989enk b 001 0 eng |
| 020 ## - INTERNATIONAL STANDARD BOOK NUMBER | |
| International Standard Book Number | 0198227744 : |
| International Standard Book Number | 0198202563 |
| 035 ## - SYSTEM CONTROL NUMBER | |
| System control number | (BD-RjUL)24815 |
| 040 ## - CATALOGING SOURCE | |
| Original cataloging agency | DLC |
| Transcribing agency | DLC |
| Modifying agency | DLC |
| -- | BD-RjUL |
| Language of cataloging | eng |
| 041 ## - LANGUAGE CODE | |
| Language code of text/sound track or separate title | eng |
| 082 00 - DEWEY DECIMAL CLASSIFICATION NUMBER | |
| Classification number | 942.105 |
| Edition number | 19 |
| Author mark and year | BRL 1994 |
| 100 1# - MAIN ENTRY--PERSONAL NAME | |
| Personal name | Brigden, Susan, |
| Dates associated with a name | 1951- |
| 9 (RLIN) | 76166 |
| 245 10 - TITLE STATEMENT | |
| Title | London and the Reformation / |
| Statement of responsibility, etc. | Susan Brigden. |
| 260 ## - PUBLICATION, DISTRIBUTION, ETC. (IMPRINT) | |
| Place of publication, distribution, etc. | Oxford : |
| Name of publisher, distributor, etc. | Clarendon Press ; |
| Place of publication, distribution, etc. | New York : |
| Name of publisher, distributor, etc. | Oxford University Press, |
| Date of publication, distribution, etc. | c1989 [Reprinted 1994]. |
| 300 ## - PHYSICAL DESCRIPTION | |
| Pagination | xix, 676 p. ; |
| Size | 23 cm. |
| 504 ## - BIBLIOGRAPHY, ETC. NOTE | |
| Bibliography, etc | Includes bibliographical references (p. 640-647) and index. |
| 650 #0 - SUBJECT ADDED ENTRY--TOPICAL TERM | |
| Topical term or geographic name as entry element | Reformation |
| Geographic subdivision | England |
| -- | London. |
| 9 (RLIN) | 76167 |
| 651 #0 - SUBJECT ADDED ENTRY--GEOGRAPHIC NAME | |
| Geographic name | London (England) |
| General subdivision | History |
| Chronological subdivision | 16th century. |
| 9 (RLIN) | 76153 |
| 856 42 - ELECTRONIC LOCATION AND ACCESS | |
| Materials specified | Publisher description |
| Uniform Resource Identifier | <a href="http://www.loc.gov/catdir/enhancements/fy0639/89016260-d.html">http://www.loc.gov/catdir/enhancements/fy0639/89016260-d.html</a> |
| 942 ## - ADDED ENTRY ELEMENTS (KOHA) | |
| Source of classification or shelving scheme | Dewey Decimal Classification |
| Koha item type | Books |
| Lost status | Source of classification or shelving scheme | Damaged status | Not for loan | Collection code | Permanent Location | Current Location | Shelving location | Date acquired | Source of acquisition | Cost, normal purchase price | Total Checkouts | Full call number | Date last seen | Copy number | Koha item type |
|---|---|---|---|---|---|---|---|---|---|---|---|---|---|---|---|
| Dewey Decimal Classification | Added to bundle | Non-fiction | Central Library, University of Rajshahi | Central Library, University of Rajshahi | Reading Room | 11/02/1998 | Rajshahi, Aligarh Library | 25.00 | 942.105 BRL 1994 | 15/03/2014 | C-1 | Books |